Top 50 NAC Fortnite Players Of All Time - Statistics

General Stats
  • This quiz has been taken 270 times
    169 since last reset
  • The average score is 16 of 50
Answer Stats
# Nationality Player % Correct
1 United States Peterbot
93%
10 United States Clix
87%
3 Mexico Pollo
80%
13 United States Bugha
69%
16 United States Cold
66%
17 United States Khanada
61%
5 United States Ritual
61%
14 Canada Acorn
60%
4 Australia Muz
60%
12 United States Higgs
58%
2 Canada Eomzo
57%
8 United States Cooper
55%
20 United States Reet
54%
7 United States Boltz
51%
6 Canada Rapid
48%
19 Canada Ajerss
47%
25 United States Epikwhale
42%
15 United States Rise
41%
9 United States Sphinx
36%
11 United States Threats
35%
44 United States Curly
34%
29 United States GMoney
28%
40 United States Curve
25%
18 Canada Avivv
23%
23 United States Shadow
23%
33 United States Braydz
20%
31 United States Aminished
19%
42 United States Edgey
18%
37 United States Vergo
17%
30 United States Bacca
14%
39 United States Dukez
14%
34 United States oSydd
14%
26 United States Parz
14%
46 United States Paper
13%
32 United States Noxy
11%
24 United States Pump
11%
22 United States Vert
11%
35 United States Visuals
11%
28 United States Chimp
10%
48 United States VicterV
10%
41 United States Channce
8%
21 United States Skqttles
7%
36 United States Trashy
7%
27 United States Bryce
6%
47 United States Kwanti
6%
43 United States Chubs
5%
45 United States Dash
5%
38 United States Seek
5%
49 United States Tkay
4%
50 United States Bacon
0%
No matching quizzes found
Score Distribution
Percent of People with Each Score
Percentile by Number Answered
Your Score History
You have not taken this quiz since the last reset